<?xml version="1.0" encoding="UTF-8"?>
<record
    xmlns:xsi="http://www.w3.org/2001/XMLSchema-instance"
    xsi:schemaLocation="http://www.loc.gov/MARC21/slim http://www.loc.gov/standards/marcxml/schema/MARC21slim.xsd"
    xmlns="http://www.loc.gov/MARC21/slim">

  <leader>02663nam a2200433 a 4500</leader>
  <controlfield tag="001">000007425</controlfield>
  <controlfield tag="005">20240412074204.0</controlfield>
  <controlfield tag="008">090908t2005    dr            001 p spa d</controlfield>
  <datafield tag="020" ind1=" " ind2=" ">
    <subfield code="a">1932271449</subfield>
  </datafield>
  <datafield tag="040" ind1=" " ind2=" ">
    <subfield code="a">DO-SdBNP</subfield>
    <subfield code="b">spa</subfield>
    <subfield code="c">BNPHU</subfield>
  </datafield>
  <datafield tag="041" ind1="1" ind2="7">
    <subfield code="a">spa</subfield>
    <subfield code="h">ita</subfield>
  </datafield>
  <datafield tag="082" ind1=" " ind2=" ">
    <subfield code="a">RD861.508</subfield>
    <subfield code="b">D542i</subfield>
  </datafield>
  <datafield tag="245" ind1="0" ind2="0">
    <subfield code="a">De ida y vuelta = andata e ritorno :</subfield>
    <subfield code="b">antolog&#xED;a de poetas de la di&#xE1;spora dominicana = antologia di poeti della diaspora dominicana /</subfield>
    <subfield code="c">selecci&#xF3;n, traducci&#xF3;n y pr&#xF3;logo por Fabio Farsi y Roberta Orlandini = selezione, traduzione e prologo di Fabio Farsi e Roberta Orlandini.</subfield>
  </datafield>
  <datafield tag="246" ind1="1" ind2="1">
    <subfield code="a">Andata e ritorno.</subfield>
  </datafield>
  <datafield tag="260" ind1=" " ind2=" ">
    <subfield code="a">San Juan, Puerto Rico :</subfield>
    <subfield code="b">Isla Negra,</subfield>
    <subfield code="c">2005.</subfield>
    <subfield code="e">Santo Domingo :</subfield>
    <subfield code="f">B&#xFA;ho,</subfield>
  </datafield>
  <datafield tag="300" ind1=" " ind2=" ">
    <subfield code="a">90 p. ;</subfield>
    <subfield code="c">22 cm.</subfield>
  </datafield>
  <datafield tag="490" ind1="1" ind2=" ">
    <subfield code="a">Los Nuevos Can&#xED;bales</subfield>
  </datafield>
  <datafield tag="500" ind1=" " ind2=" ">
    <subfield code="a">Incluye datos biogr&#xE1;ficos de los autores.</subfield>
  </datafield>
  <datafield tag="500" ind1=" " ind2=" ">
    <subfield code="a">Incluye bibliograf&#xED;a y notas a pie de p&#xE1;gina.</subfield>
  </datafield>
  <datafield tag="505" ind1="0" ind2=" ">
    <subfield code="g">Pr&#xF3;logo :</subfield>
    <subfield code="t">De ida y vuelta. L@s poetas dominican@s de la di&#xE1;spora /</subfield>
    <subfield code="r">Fabio Farsi,</subfield>
    <subfield code="r">Roberta Orlandini --</subfield>
    <subfield code="t">Deshabit&#xE1;ndome. Niebla de Luz. Epitafio /</subfield>
    <subfield code="r">Claribel D&#xED;az --</subfield>
    <subfield code="t">Animal de Sombras: Raga n&#xFA;m. uno, Raga n&#xFA;m. dos, Raga n&#xFA;m. tres /</subfield>
    <subfield code="r">Carlos Roberto G&#xF3;mez Beras --</subfield>
    <subfield code="t">Sin Dios para llorar la vida. Fiebre. Insomnio /</subfield>
    <subfield code="r">Frank Mart&#xED;nez --</subfield>
    <subfield code="t">Las heridas. Cuerpo sublime. Homenaje a Isidore Ducasse... Sue&#xF1;o de Dios y Ad&#xE1;n /</subfield>
    <subfield code="r">Rafael Hilario Medina --</subfield>
    <subfield code="t">La Rep&#xFA;blica. Marina. Cuartel Babilonia. Cada d&#xED;a /</subfield>
    <subfield code="r">Homero Pumarol --</subfield>
    <subfield code="t">Amanece. Volutas de invierno. Geograf&#xED;a nocturna /</subfield>
    <subfield code="r">Carlos Rodr&#xED;guez --</subfield>
    <subfield code="t">Vuelta. Roberto Juarroz. Jano /</subfield>
    <subfield code="r">N&#xE9;stor E. Rodr&#xED;guez --</subfield>
    <subfield code="t">Silencio. De rumba me voy... Malabarista /</subfield>
    <subfield code="r">Yrene Santos --</subfield>
    <subfield code="t">La permanencia. Par&#xE1;bola de duendes. Rapsodia para tontos /</subfield>
    <subfield code="r">M&#xE9;dar Serrata --</subfield>
    <subfield code="t">De regreso. Pertenencias. Todo era nostalgia /</subfield>
    <subfield code="r">Rosa Silverio.</subfield>
  </datafield>
  <datafield tag="546" ind1=" " ind2=" ">
    <subfield code="a">Texto en espa&#xF1;ol e italiano.</subfield>
  </datafield>
  <datafield tag="590" ind1=" " ind2=" ">
    <subfield code="a">Inventariado, 2019 / DG</subfield>
  </datafield>
  <datafield tag="650" ind1=" " ind2="4">
    <subfield code="a">Poes&#xED;a dominicana</subfield>
    <subfield code="x">Colecciones</subfield>
    <subfield code="9">351</subfield>
  </datafield>
  <datafield tag="650" ind1=" " ind2="0">
    <subfield code="a">Literatura dominicana.</subfield>
    <subfield code="9">67</subfield>
  </datafield>
  <datafield tag="700" ind1="1" ind2=" ">
    <subfield code="a">Farsi, Fabio,</subfield>
    <subfield code="d">1956-,</subfield>
    <subfield code="e">tr. y pr&#xF3;l.</subfield>
    <subfield code="9">20614</subfield>
  </datafield>
  <datafield tag="700" ind1="1" ind2=" ">
    <subfield code="a">Orlandini, Roberta,</subfield>
    <subfield code="d">1956-,</subfield>
    <subfield code="e">tr. y pr&#xF3;l.</subfield>
    <subfield code="9">20615</subfield>
  </datafield>
  <datafield tag="700" ind1="1" ind2=" ">
    <subfield code="a">D&#xED;az, Claribel,</subfield>
    <subfield code="d">1963-</subfield>
    <subfield code="9">20616</subfield>
  </datafield>
  <datafield tag="700" ind1="1" ind2=" ">
    <subfield code="a">G&#xF3;mez Beras, Carlos Roberto,</subfield>
    <subfield code="d">1959-</subfield>
    <subfield code="9">6916</subfield>
  </datafield>
  <datafield tag="700" ind1="1" ind2=" ">
    <subfield code="a">Mart&#xED;nez, Frank,</subfield>
    <subfield code="d">1965-</subfield>
    <subfield code="9">20617</subfield>
  </datafield>
  <datafield tag="700" ind1="1" ind2=" ">
    <subfield code="a">Medina, Rafael Hilario,</subfield>
    <subfield code="d">1959-</subfield>
    <subfield code="9">20618</subfield>
  </datafield>
  <datafield tag="700" ind1="1" ind2=" ">
    <subfield code="a">Pumarol, Homero,</subfield>
    <subfield code="d">1971-</subfield>
    <subfield code="9">20619</subfield>
  </datafield>
  <datafield tag="700" ind1="1" ind2=" ">
    <subfield code="a">Rodr&#xED;guez, Carlos,</subfield>
    <subfield code="d">1951-2001</subfield>
    <subfield code="9">20620</subfield>
  </datafield>
  <datafield tag="700" ind1="1" ind2=" ">
    <subfield code="a">Rodr&#xED;guez, N&#xE9;stor,</subfield>
    <subfield code="d">1971-</subfield>
    <subfield code="9">20621</subfield>
  </datafield>
  <datafield tag="700" ind1="1" ind2=" ">
    <subfield code="a">Santos, Yrene,</subfield>
    <subfield code="d">1964-</subfield>
    <subfield code="9">20622</subfield>
  </datafield>
  <datafield tag="700" ind1="1" ind2=" ">
    <subfield code="a">Serrata, M&#xE9;dar,</subfield>
    <subfield code="d">1964-</subfield>
    <subfield code="9">20623</subfield>
  </datafield>
  <datafield tag="700" ind1="1" ind2=" ">
    <subfield code="a">Silverio, Rosa,</subfield>
    <subfield code="d">1978-</subfield>
    <subfield code="9">20624</subfield>
  </datafield>
  <datafield tag="830" ind1=" " ind2="0">
    <subfield code="a">Los Nuevos Can&#xED;bales</subfield>
    <subfield code="9">635</subfield>
  </datafield>
  <datafield tag="910" ind1=" " ind2=" ">
    <subfield code="a">Validado. Control de calidad EMS.</subfield>
  </datafield>
  <datafield tag="952" ind1=" " ind2=" ">
    <subfield code="0">0</subfield>
    <subfield code="1">0</subfield>
    <subfield code="5">4</subfield>
    <subfield code="7">0</subfield>
    <subfield code="8">DS</subfield>
    <subfield code="a">GR</subfield>
    <subfield code="b">GR</subfield>
    <subfield code="c">HD</subfield>
    <subfield code="d">2009-09-08</subfield>
    <subfield code="i">LF1</subfield>
    <subfield code="l">0</subfield>
    <subfield code="o">RD861.508 D542i</subfield>
    <subfield code="p">7425-30</subfield>
    <subfield code="r">2020-06-25</subfield>
    <subfield code="t">e.3</subfield>
    <subfield code="w">2020-06-25</subfield>
    <subfield code="y">LFDS</subfield>
    <subfield code="Z">Pr&#xE9;stamo en sala</subfield>
  </datafield>
  <datafield tag="952" ind1=" " ind2=" ">
    <subfield code="0">0</subfield>
    <subfield code="1">0</subfield>
    <subfield code="7">1</subfield>
    <subfield code="8">PD</subfield>
    <subfield code="a">PD</subfield>
    <subfield code="b">PD</subfield>
    <subfield code="c">HD</subfield>
    <subfield code="d">2009-09-08</subfield>
    <subfield code="i">LF1</subfield>
    <subfield code="l">0</subfield>
    <subfield code="o">RD861.508 D542i</subfield>
    <subfield code="p">7425-10</subfield>
    <subfield code="r">2020-06-25</subfield>
    <subfield code="w">2020-06-25</subfield>
    <subfield code="y">LFPD</subfield>
    <subfield code="Z">No se presta</subfield>
  </datafield>
  <datafield tag="952" ind1=" " ind2=" ">
    <subfield code="0">0</subfield>
    <subfield code="1">0</subfield>
    <subfield code="7">1</subfield>
    <subfield code="8">PD</subfield>
    <subfield code="a">PD</subfield>
    <subfield code="b">PD</subfield>
    <subfield code="c">HD</subfield>
    <subfield code="d">2009-09-08</subfield>
    <subfield code="i">LF1</subfield>
    <subfield code="l">0</subfield>
    <subfield code="o">RD861.508 D542i</subfield>
    <subfield code="p">7425-20</subfield>
    <subfield code="r">2020-06-25</subfield>
    <subfield code="t">e.2</subfield>
    <subfield code="w">2020-06-25</subfield>
    <subfield code="y">LFPD</subfield>
    <subfield code="Z">No se presta</subfield>
  </datafield>
  <datafield tag="999" ind1=" " ind2=" ">
    <subfield code="c">7206</subfield>
    <subfield code="d">7206</subfield>
  </datafield>
</record>
